000 00865cab a2200277 4500
001 ABS50398
008 090401t1994 xxu||||| |||| 00| 0 eng d
035 _a(Sirsi) u75548
041 _aeng
100 _aAkenhead, R.
245 _aLimits to latent damages claim
260 _c1994
350 _a0
490 _aBuilding
_v259(78390 15 April 1994, 28(1)
520 _aDiscusses "Campbell v Meacocks" 1993 (Abs 50028) dealing with the three-year limitation period for latent damage negligence actions.
650 _aCULPABLE ACTS
650 _aLATENT DAMAGE ACT 1986
650 _aLATENT DAMAGE
650 _aLIMITATION ACT 1980
650 _aLIMITATION PERIODS
650 _aNEGLIGENCE
650 _aPIRELLI GENERAL CABLE WORKS V OSCAR FABER & PARTNERS
690 _aBUILT ENVIRONMENT-BUILDING PATHOLOGY
942 _n0
948 _c04/03/1997
999 _c47533
_d47533